Cary Grant's female partners on screen - Statistics

General Stats
  • This quiz has been taken 62 times
  • The average score is 10 of 21
Answer Stats
Hint Answer % Correct
To catch a thief Grace Kelly
94%
Charade Audrey Hepburn
84%
Notorious Ingrid Bergman
78%
North by Northwest Eva Marie Saint
72%
Suspicion Joan Fontaine
72%
An affair to remember Deborah Kerr
70%
Bringing up baby Katharine Hepburn
66%
That touch of mink Doris Day
64%
Houseboat Sophia Loren
64%
His girl Friday Rosalind Russell
54%
My favorite wife Irene Dunne
50%
Mr. Blandings builds his dream house Myrna Loy
48%
Father Goose Leslie Caron
44%
I'm no angel Mae West
38%
Blonde Venus Marlene Dietrich
34%
The Bishop's wife Loretta Young
30%
I was a male war bride Ann Sheridan
24%
Kiss them for me Jayne Mansfield
16%
The talk of the town Jean Arthur
14%
Room for one more Betsy Drake
12%
People will talk Jeanne Crain
12%
No matching quizzes found
Score Distribution
Percent of People with Each Score
Percentile by Number Answered
Your Score History
You have not taken this quiz